| 000 | 00451nam a22001817a 4500 | ||
|---|---|---|---|
| 003 | CEME | ||
| 005 | 20210628203141.0 | ||
| 008 | 210223b xxu||||| |||| 00| 0 eng d | ||
| 020 | _a81-265-0239-8 | ||
| 040 | _c. | ||
| 082 | _a005.4469 NEG | ||
| 100 |
_aNegus,C Hristopher _963634 |
||
| 245 | _aRed hat linux 7.2 bible | ||
| 260 |
_aNEW DELHI _bIDG BOOKS _c2002 |
||
| 300 | _aXXIV,1040P | ||
| 650 |
_a LINUX 7.2 BIBLE _963635 |
||
| 942 |
_cBK _2ddc |
||
| 999 |
_c572392 _d572392 |
||